Skip to content
VuFind
All Fields
Title
Author
Subject
Call Number
ISBN/ISSN
Tag
Find
Advanced
Anjing
Cite this
Print
Export Record
Export to RefWorks
Export to EndNoteWeb
Export to EndNote
Export to MARC
Anjing
Bibliographic Details
Format:
Book
Holdings
Description
Similar Items
Staff View
MARC
LEADER
00000cam a2200000 7i4500
001
0000009642
002
000010505
005
20011210.0
020
|a
9836233164
090
0
0
|a
590
|b
AJN
245
0
0
|a
Anjing
999
|a
054112
|b
BUKU
|c
PINJAMAN
|e
PERPUSTAKAAN KOMUNITI CAW KOTA DAMANSARA
999
|a
054113
|b
BUKU
|c
PINJAMAN
|e
PERPUSTAKAAN KOMUNITI CAW KOTA DAMANSARA
Similar Items
Anjing
by: Guillan, Charlotte
Published: (2017)
A Macmillan illustrated encylopedia animals : Birds
Published: (1999)
A Macmillan illustrated encylopedia animals : Mammals
Published: (2000)
A Macmillan illustrated encylopedia animals : Reptiles,amphibians,and fish
Published: (2001)
Kingdom of animals : featuring the world's greatest creatures
by: Taylor, David